Chemistry: (Record no. 1754)

000 -LEADER
fixed length control field 01128cam a2200301 a 4500
001 - CONTROL NUMBER
control field 13145144
005 - DATE AND TIME OF LATEST TRANSACTION
control field 20181011100625.0
008 - FIXED-LENGTH DATA ELEMENTS--GENERAL INFORMATION
fixed length control field 030402s2003 nyua 001 0 eng
010 ## - LIBRARY OF CONGRESS CONTROL NUMBER
LC control number 2003049614
020 ## - INTERNATIONAL STANDARD BOOK NUMBER
International Standard Book Number 0764119788
040 ## - CATALOGING SOURCE
Original cataloging agency DLC
Transcribing agency DLC
Modifying agency DLC
050 00 - LIBRARY OF CONGRESS CALL NUMBER
Classification number QD 41 .M378 2003
Item number .M378 2003
082 00 - DEWEY DECIMAL CLASSIFICATION NUMBER
Classification number 540/.76
Edition number 21
100 1# - MAIN ENTRY--PERSONAL NAME
Personal name Mascetta, Joseph A.
245 10 - TITLE STATEMENT
Title Chemistry:
Statement of responsibility, etc. Joseph A. Mascetta.
Remainder of title The easy way/
250 ## - EDITION STATEMENT
Edition statement 4th ed.
260 ## - PUBLICATION, DISTRIBUTION, ETC. (IMPRINT)
Place of publication, distribution, etc. Hauppauge, N.Y. :
Name of publisher, distributor, etc. Barron's,
Date of publication, distribution, etc. c2003.
300 ## - PHYSICAL DESCRIPTION
Extent xi, 475 p.:
Other physical details ill.;
Dimensions 28 cm.
490 1# - SERIES STATEMENT
Series statement Easy way series
504 ## - BIBLIOGRAPHY, ETC. NOTE
Bibliography, etc Includes index.
650 #0 - SUBJECT ADDED ENTRY--TOPICAL TERM
Topical term or geographic name as entry element Chemistry
Form subdivision Outlines, syllabi, etc.
650 #0 - SUBJECT ADDED ENTRY--TOPICAL TERM
Topical term or geographic name as entry element Chemistry
Form subdivision Examinations, questions, etc.
830 #0 - SERIES ADDED ENTRY--UNIFORM TITLE
Uniform title Easy way.
856 42 - ELECTRONIC LOCATION AND ACCESS
Materials specified Publisher description
Uniform Resource Identifier <a href="http://www.loc.gov/catdir/description/barrons041/2003049614.html">http://www.loc.gov/catdir/description/barrons041/2003049614.html</a>
906 ## - LOCAL DATA ELEMENT F, LDF (RLIN)
a 7
b cbc
c orignew
d 1
e ocip
f 20
g y-gencatlg
942 ## - ADDED ENTRY ELEMENTS (KOHA)
Source of classification or shelving scheme
Koha item type Hard Covered Materials
Classification part QD 41 .M378 2003
Koha issues (borrowed), all copies 1
Holdings
Withdrawn status Lost status Source of classification or shelving scheme Damaged status Not for loan Home library Current library Shelving location Date acquired Total Checkouts Full call number Barcode Date last seen Date last checked out Price effective from Koha item type
          MACHAKOS UNIVERSITY LIBRARY MACHAKOS UNIVERSITY LIBRARY Open shelf 26/06/2015 2 QD 41 .M378 2003 5558 11/10/2018 27/09/2017 26/06/2015 Hard Covered Materials
© Machakos University Library, Along The Highway, Machakos Wote Rd, Machakos, Kenya P.O. Box 136 - 90100 Machakos - Kenya

Tel: ( +254 ) 723 805829 OR Fax : 044-20353 OR Email: library@mksu.ac.ke